| 000 | 00382nam a22001577a 4500 | ||
|---|---|---|---|
| 999 |
_c9182 _d9182 |
||
| 003 | GBCCL | ||
| 005 | 20241126110707.0 | ||
| 008 | 220425b ||||| |||| 00| 0 eng d | ||
| 040 | _cgbc | ||
| 082 |
_aVER 248 _bVAI |
||
| 100 |
_aVaiphei, P Kapa _913403 |
||
| 245 | _aLawtinna kalbite | ||
| 260 |
_aLamka : _bVaiphei literature society , _c1992 |
||
| 300 | _a50p. ; | ||
| 942 |
_2ddc _cBK |
||